000 00347nam a2200133Ia 4500
008 171207s9999 xx 000 0 und d
100 _aBurns, Maureen
245 4 _aThe value of public service media
245 _cMaureen Burns
260 _c2017
300 _apages 803-804, May 2017
440 _aNew Media & Society
_v19:5
650 _aMEDIA
999 _c347581
_d347581